000 00289nam a2200121Ia 4500
008 191201s2013 xx 000 0 und d
100 _aPRATT,terrance W
245 0 _aProgramming languages
260 _aN. delhi
_bBPB Publication
_c2013
300 _a589
650 _aMCA
942 _2ddc
_cBK
999 _c6047
_d6047